LEADER 01809cam0-2200541---450- 001 990000091480203316 005 20090807132718.0 010 $a88-387-1572-6 035 $a0009148 035 $aUSA010009148 035 $a(ALEPH)000009148USA01 035 $a0009148 100 $a20000914d1999----|||y0itay0103----ba 101 0 $aita 102 $aIT 105 $a||||||||001yy 200 $a<> atti amministrativi del comune$eguida ragionata alla redazione dopo il C.C.N.L. 1998/2001 e la Legge 3 agosto1999, n. 265 (Napolitano-Vigneri)$fTiziano Tessaro 205 $a2. ed 210 $aRimini$cMaggioli$dcopyr. 1999 215 $a925 p.$d24 cm 225 $aProgetto ente locale$v99 410 0$a12001$1001CFI0000149$12001$aProgetto ente locale$v99. 610 $aAtti amministrativi comunali 676 $a342.45066$v21$9PROCEDIMENTOAMMINISTRATIVO. ITALIA 700 1$aTESSARO,$bTiziano$0281888 801 $aIT$bSALBC$gISBD 912 $a990000091480203316 951 $aXXIV.3.L 251 (IG IV 1279)$b26233 G.$cXXIV.3.L 251 (IG IV)$d00005609 959 $aBK 979 $c20000914$lUSA01$h1742 979 $c20000919$lUSA01$h1048 979 $c20000919$lUSA01$h1521 979 $c20001019$lUSA01$h1056 979 $c20001019$lUSA01$h1454 979 $c20001019$lUSA01$h1501 979 $c20001019$lUSA01$h1539 979 $c20001024$lUSA01$h1515 979 $c20001027$lUSA01$h1519 979 $c20001027$lUSA01$h1524 979 $c20001110$lUSA01$h1710 979 $c20001124$lUSA01$h1208 979 $c20020403$lUSA01$h1616 979 $aPATRY$b90$c20040406$lUSA01$h1607 979 $aCHIARA$b90$c20081106$lUSA01$h1425 979 $aRSIAV4$b90$c20090807$lUSA01$h1327 996 $aAtti amministrativi del Comune$9673441 997 $aUNISA bas $agiu LEADER 01659nam 2200433 a 450 001 9910691940203321 005 20030605095825.0 035 $a(CKB)5470000002350013 035 $a(OCoLC)52372010 035 9 $aocm52372010 035 $a(OCoLC)995470000002350013 035 $a(EXLCZ)995470000002350013 100 $a20030605e19891988 ua 0 101 0 $aeng 135 $auran|||||| 181 $ctxt$2rdacontent 182 $cc$2rdamedia 183 $acr$2rdacarrier 200 10$aHolding the line$b[electronic resource] $ethe 51st Engineer Combat Battalion and the Battle of the Bulge, December 1944-January 1945 /$fby Ken Hechler ; with a prologue and epilogue by Barry W. Fowle 210 1$aFort Belvoir, Va. :$cOffice of History, U.S. Army Corps of Engineers,$d1988. 210 3$d(1989 reprint) 225 1 $aStudies in military engineering ;$vno. 4 225 1 $aEP ;$v870-1-38 300 $aTitle from title screen (viewed on Feb. 12, 2003). 300 $aDistributed to depository libraries in microfiche (shipping list no: 92-2584-M). 300 $aPaper version not currently available for sale by the Supt. of Docs. 320 $aIncludes bibliographical references. 517 $aHolding the line 606 $aArdennes, Battle of the, 1944-1945 615 0$aArdennes, Battle of the, 1944-1945. 700 $aHechler$b Ken$f1914-2016.$0853828 701 $aFowle$b Barry W.$f1930-$01384002 712 02$aUnited States.$bArmy.$bCorps of Engineers.$bOffice of History. 801 0$bGPO 801 1$bGPO 906 $aBOOK 912 $a9910691940203321 996 $aHolding the line$93429686 997 $aUNINA